000 01819nas a2200277Ia 4500
001 R052-S4163
003 IT-CnALBA
008 170116c99999999xx |||||||||||| ||und||
040 _aIT-CnALBA
_cIT-CnALBA
041 _aITALIANO
100 _aCASCASI DOMENICO
210 _aIL COOPERATORA PAOLINO
222 _aIL COOPERATORA PAOLINO
245 0 _aIL COOPERATORA PAOLINO. GENNAIO 1997. RIVISTA FAMIGLIA PAOLINA. BETLEMME FAMIGLIA PAOLINA.
250 _a1a ed.
260 _a ROMA
_bCASE GENERALIZIE ED.
_c1997 [1° Ed.:1997 - Ed.Ling.Originale: 1997]
300 _a32 p.
310 _aMENSILE
362 _aFascicolo: 1 / Anno: 79 (1997)
500 _aLAVORI DIREZIONE NAZIONALE. REDAZIONE COME PREDICAZIONE. IL GOVERNO CINESE E IL METODO BILLINGS. MONTONATI A. ECLISSI PARZIALE, IMMEDIATA B. ESDRA E NEEMIA. GIRONI P. LA FAME NEL MONDO. PAPPALARDO A. PASTORELLE IN BRASILE 1946 1997. UNITÀ DEI CRISTIANI. GAMBI V. LA NOTTE E LA NOSTRA IDENTITÀ. VITA GRUPPI, LECCE MANTOVA BELLUNO CATANZARO. CONOSCENZA DI GESÙ' CRISTO VERBO MAESTRO PASTORE. DON ALBERIONE E GLI ANNI GIUBILARI. ROMANO C. PANORAMA PAOLINO. I NOSTRI DEFUNTI.
501 _aSocietà San Paolo EM - Piazza San Paolo, 14 - 12051 ALBA (CN) (non commercial uses only) ® Copyright 2017
520 _aLAVORI DIREZIONE NAZIONALE. REDAZIONE COME PREDICAZIONE. IL GOVERNO CINESE E IL METODO BILLINGS. MONTONATI A. ECLISSI PARZIALE, IMMEDIATA B. ESDRA E NEEMIA. GIRONI P. LA FAME NEL MONDO. PAPPALARDO A. PASTORELLE IN BRASILE 1946 1997. UNITÀ DEI CRISTIANI. GAMBI V. LA NOTTE E LA NOSTRA IDENTITÀ. VITA GRUPPI, LECCE MANTOVA BELLUNO CATANZARO. CONOSCENZA DI GESÙ' CRISTO VERBO MAESTRO PASTORE. DON ALBERIONE E GLI ANNI GIUBILARI. ROMANO C. PANORAMA PAOLINO. I NOSTRI DEFUNTI.
650 _aRIVISTE VARIE
942 _cCR
957 _71
999 _a66053
_bNO
_g1
_c332663
_d332663